| 000 | 00782nam a2200229 a 4500 | ||
|---|---|---|---|
| 005 | 20240501063706.0 | ||
| 008 | 060508s2002 mx r 000 0 spa d | ||
| 020 | _a9706516158 | ||
| 035 | _aUPN01000144298 | ||
| 049 | _aCG | ||
| 050 | 4 |
_aPQ2163 C4 _bB3.6 |
|
| 100 | 1 |
_aBalzac, Honoré de, _d1799-1850 |
|
| 245 | 1 | 3 |
_aLa obra maestra desconocida / _cHonoré de Balzac ; tr. Manuel Dávila ; pról., notas y estudio cronológico de Juan Domingo Argüelles. |
| 260 |
_aMéxico : _bOcéano, _c2002. |
||
| 300 | _a106 p. | ||
| 440 | 0 | _aIntemporales | |
| 534 |
_pTraducción de: _tLe chef d'oeuvre inconnu |
||
| 650 | 4 |
_aNovela francesa _98238 |
|
| 650 | 4 |
_aPINTORES - _vNOVELA _99418 |
|
| 600 | 1 | 4 |
_aBALZAC, HONORE DE, _d1799-1850 - _xCRITICA E INTERPRETACION _99417 |
| 905 | _aLibro | ||
| 999 |
_c116445 _d116445 |
||